Harry Potter Creatures Quiz Stats

Quiz not verified by Sporcle

Challenge
Share
Tweet
Embed
Score 0/15 Timer 04:00
0 Plays Today
% Correct
Dragon
75%
Hippogriff
75%
Owl
54.2%
Acromantula
50%
Phoenix
50%
Dog
45.8%
Basilisk
45.8%
Thestral
41.7%
% Correct
Giant
41.7%
Snake
37.5%
Centaurs
29.2%
Unicorn
20.8%
Dementors
20.8%
Three Headed Dog
16.7%
Mermaids
8.3%

You're not logged in!

Compare scores with friends on all Sporcle quizzes.
Sign Up with Email
OR
Log In

You Might Also Like...

Show Comments

Extras

Top Quizzes Today


Score Distribution

Your Account Isn't Verified!

In order to create a playlist on Sporcle, you need to verify the email address you used during registration. Go to your Sporcle Settings to finish the process.

Report this User

Report this user for behavior that violates our Community Guidelines.

Details: